000 00404nam a22001697a 4500
005 20231103132957.0
008 231103b |||||||| |||| 00| 0 eng d
020 _a978-93-89686-72-2
041 _aeng
082 _a615.1
245 _aA TEXTBOOK OF PHARMACOLOGY-III [SEM-VI]
250 _a3RD. ED. 2022.
260 _aPUNE
_bNIRALI PRAKASHAN
300 _a26.4;p
650 _aPHARMACY
942 _cBK
999 _c8448
_d8446